00762 2200301 4500001002100000005001500021035002000036007000300056040001700059100002600076245003400102250001000136300003500146020001800181041000800199082001000207084001600217090002100233264003500254336002100289337003000310338002300340650001000363850001000373008004100383990001800424990001800442INLIS00000000000960620260416023224 a0010-1222000211ta aSBPUPADbind0 aSudarsono:ePengarang1 aFilsafat Islam, /cSudarsono, aCet.2 av 161 hlm. :bilus. ;c15,5 cm a979-518-668-X0 aind a181.2 a181.2 SUD f a745.5 SET a 22-8 aJakarta :bRineka Cipta,c2004 2rdacontentateks 2rdamediaatanpa perantara 2rdacarrieravolume 4aAgama aPUPAD260416 0  a13884/BR/2010 a13885/BR/2010